000 00291nam a22001337a 4500
008 170911b xxu||||| |||| 00| 0 eng d
020 _a0831795018
041 _aeng
080 _a91
100 _a42
101 _aGJEO
245 _aTHE WORLD ATLAS OF GOLF
_cTHOMAS, P.W
942 _2udc
_cBK
999 _c26982
_d26982